[Event "14th IBCA World Chess Championship for Blind 2019"]
[Site "Cagliari"]
[Date "2019.04.10"]
[Round "5"]
[Board "28"]
[White "Aguilar Sevilla, Diego"]
[Black "Morariu, Ionel"]
[Result "1-0"]
[WhiteElo "2124"]
[BlackElo "1862"]
[PlyCount "117"]
[EventDate "2019.04.06"]
[EventRounds "9"]
[EventCountry "ITA"]

1. d4 Nf6 2. Nf3 e6 3. c4 d5 4. g3 Be7 5. Bg2 O-O 6. Qc2 c6 7. O-O Nbd7 8. b3
Re8 9. Bb2 Bf8 10. Nbd2 b6 11. Rad1 Ba6 12. e4 dxe4 13. Nxe4 Qc7 14. Ne5 Bb7
15. Nxf6+ Nxf6 16. c5 Nd5 17. a3 Rac8 18. Rfe1 Red8 19. Bc1 Qe7 20. b4 a5 21.
Nc4 bxc5 22. bxc5 Ra8 23. Bd2 Qc7 24. Bxd5 cxd5 25. Nb6 Ra6 26. Bf4 Qc6 27. Rb1
f6 28. Na4 g5 29. Bd2 Rc8 30. Qb3 Rc7 31. Qb5 Kf7 32. Nc3 a4 33. f4 h6 34. Qe2
Kg7 35. h4 gxh4 36. Qg4+ Kh7 37. Qxh4 f5 38. Rb5 Bc8 39. Reb1 Rb7 40. Rxb7+
Bxb7 41. Be3 Ra8 42. Rb6 Qd7 43. Qf6 Re8 44. Na2 Bg7 45. Qh4 Qf7 46. Nb4 Bf6
47. Rxb7 Qxb7 48. Qxf6 Qg7 49. Qxg7+ Kxg7 50. Kg2 Kg6 51. Bd2 Kf7 52. Nd3 Rb8
53. Bb4 Ke8 54. Kh3 Kd7 55. Kh4 Ke7 56. Ne5 Ke8 57. c6 Kd8 58. Ba5+ Kc8 59. Nf7
 1-0

[Event "14th IBCA World Chess Championship for Blind 2019"]
[Site "Cagliari"]
[Date "2019.04.10"]
[Round "5"]
[Board "29"]
[White "Barnowski, Sylwester"]
[Black "Riegler, Dieter"]
[Result "1/2-1/2"]
[WhiteElo "1771"]
[BlackElo "1956"]
[PlyCount "31"]
[EventDate "2019.04.06"]
[EventRounds "9"]
[EventCountry "ITA"]

1. d4 Nf6 2. f4 g6 3. Nf3 Bg7 4. e3 O-O 5. Bd3 d6 6. O-O c5 7. c3 Nc6 8. Nbd2
e5 9. dxe5 dxe5 10. Ne4 Qe7 11. Nxf6+ Bxf6 12. Qc2 exf4 13. exf4 Bg4 14. h3
Bxf3 15. Rxf3 Rad8 16. Be4  1/2-1/2

[Event "14th IBCA World Chess Championship for Blind 2019"]
[Site "Cagliari"]
[Date "2019.04.10"]
[Round "5"]
[Board "30"]
[White "Murgia, Stefano"]
[Black "Pohlers, Juergen"]
[Result "1/2-1/2"]
[WhiteElo "1609"]
[BlackElo "1923"]
[PlyCount "54"]
[EventDate "2019.04.06"]
[EventRounds "9"]
[EventCountry "ITA"]

1. e4 c5 2. Nf3 Nc6 3. Bb5 g6 4. O-O Bg7 5. c3 Nf6 6. Re1 O-O 7. d4 cxd4 8.
cxd4 d6 9. h3 Bd7 10. Nc3 a6 11. Bf1 Rc8 12. Bf4 Nh5 13. Be3 e5 14. Nd5 Be6 15.
Nc3 exd4 16. Nxd4 Nxd4 17. Bxd4 Be5 18. Bxe5 dxe5 19. Qxd8 Rfxd8 20. Rad1 Kf8
21. g3 Nf6 22. Kg2 Rd4 23. Rxd4 exd4 24. Ne2 d3 25. Nc3 Rd8 26. Rd1 d2 27. f3
b5 $11  1/2-1/2

[Event "14th IBCA World Chess Championship for Blind 2019"]
[Site "Cagliari"]
[Date "2019.04.10"]
[Round "5"]
[Board "31"]
[White "Ursic, Aleksander"]
[Black "Deville, Olivier"]
[Result "1-0"]
[WhiteElo "1912"]
[BlackElo "1858"]
[PlyCount "103"]
[EventDate "2019.04.06"]
[EventRounds "9"]
[EventCountry "ITA"]

1. d4 Nf6 2. Bg5 e6 3. e3 c5 4. c3 b6 5. Nd2 Bb7 6. Ngf3 Be7 7. Bd3 d6 8. O-O
O-O 9. Qe2 Nbd7 10. Rfd1 Re8 11. Rac1 Rc8 12. a3 Nh5 13. Bxe7 Qxe7 14. b4 cxb4
15. axb4 Nhf6 16. e4 e5 17. d5 Nf8 18. Nf1 Rc7 19. Ne3 Bc8 20. Nh4 g6 21. Nf3
Nh5 22. Qc2 Bd7 23. Ra1 Rec8 24. Ra3 Be8 25. Rda1 Nf4 26. Bf1 Kg7 27. g3 Nh5
28. Nh4 Kg8 29. Ba6 Rb8 30. Bf1 Rbc8 31. Nf3 Nf6 32. Bd3 Kg7 33. Qb2 Kg8 34.
Rc1 Bd7 35. Rca1 Be8 36. Kg2 Kg7 37. Ng1 Nh5 38. Ne2 Kg8 39. Qa2 Ra8 40. f3 h6
41. Ng4 Kg7 42. Ra6 b5 43. Qd2 g5 44. h4 f6 45. Rh1 Kg8 46. Ne3 Ng7 47. g4 Nd7
48. Bxb5 Nb6 49. Bd3 Na4 50. hxg5 fxg5 51. Ng3 Nxc3 52. Ngf5  1-0

[Event "14th IBCA World Chess Championship for Blind 2019"]
[Site "Cagliari"]
[Date "2019.04.10"]
[Round "5"]
[Board "32"]
[White "Krishna, Udupa"]
[Black "Tonteri, Ari"]
[Result "1/2-1/2"]
[WhiteElo "1740"]
[BlackElo "1870"]
[PlyCount "49"]
[EventDate "2019.04.06"]
[EventRounds "9"]
[EventCountry "ITA"]

1. d4 Nf6 2. Bf4 d5 3. e3 c5 4. c3 Nc6 5. Nd2 Bf5 6. Ngf3 e6 7. Nh4 Bg4 8. Be2
Bxe2 9. Qxe2 Ne4 10. Nhf3 Qb6 11. Rb1 Be7 12. Nxe4 dxe4 13. Ng5 Bxg5 14. Bxg5
Qa5 15. O-O cxd4 16. Bh4 O-O 17. exd4 f5 18. f3 Qxa2 19. fxe4 fxe4 20. Qxe4 Qd5
21. Qg4 Rae8 22. Rbe1 Rxf1+ 23. Rxf1 Rf8 24. Rxf8+ Kxf8 25. Qf4+ $11  1/2-1/2

[Event "14th IBCA World Chess Championship for Blind 2019"]
[Site "Cagliari"]
[Date "2019.04.10"]
[Round "5"]
[Board "33"]
[White "Began, Branko"]
[Black "Gasperoni, Claudio"]
[Result "0-1"]
[WhiteElo "1862"]
[BlackElo "1799"]
[PlyCount "120"]
[EventDate "2019.04.06"]
[EventRounds "9"]
[EventCountry "ITA"]

1. d4 d5 2. Bf4 Nf6 3. e3 c5 4. Nf3 Nc6 5. c3 Qb6 6. Qc1 Bf5 7. Nbd2 cxd4 8.
exd4 Rc8 9. Be3 Nb4 10. Ne5 Nc2+ 11. Ke2 Nxa1 12. Qxa1 e6 13. f3 Be7 14. Kf2 h6
15. a4 a6 16. g4 Bg6 17. Nxg6 fxg6 18. Bd3 O-O 19. Kg2 g5 20. h4 gxh4 21. Rxh4
Ne4 22. Rh3 Nxd2 23. Bxd2 Bg5 24. Qc1 Bxd2 25. Qxd2 Qc7 26. Be2 Qf4 27. Qxf4
Rxf4 28. Kf2 Rcf8 29. Ke3 R8f6 30. b4 Kf7 31. b5 axb5 32. Bxb5 Ke7 33. Rg3 g5
34. Rh3 Kd6 35. a5 e5 36. dxe5+ Kxe5 37. Rg3 d4+ 38. cxd4+ Rxd4 39. Rg1 Rb4 40.
Bd3 Rb2 41. Be4 Rb3+ 42. Ke2 Kd4 43. Rd1+ Kc5 44. Rd7 Ra6 45. Bxb7 Rxa5 46.
Rd5+ Kb6 47. Rxa5 Kxa5 48. Be4 Kb4 49. Bd3 Kc5 50. Be4 Kd4 51. Kf2 Rb2+ 52. Kg3
Ke3 53. Bc6 Rb1 54. Bd5 Rg1+ 55. Kh2 Kf2 56. Bb7 Rg3 57. Bc6 Rxf3 58. Bb7 Rf4
59. Bc8 h5 60. Kh3 h4  0-1

[Event "14th IBCA World Chess Championship for Blind 2019"]
[Site "Cagliari"]
[Date "2019.04.10"]
[Round "5"]
[Board "34"]
[White "Prpic, Milan"]
[Black "Kaliner, Arik"]
[Result "1/2-1/2"]
[WhiteElo "1829"]
[BlackElo "1644"]
[PlyCount "127"]
[EventDate "2019.04.06"]
[EventRounds "9"]
[EventCountry "ITA"]

1. d4 Nf6 2. c4 e5 3. e3 exd4 4. exd4 Bb4+ 5. Bd2 Qe7+ 6. Qe2 O-O 7. Qxe7 Bxe7
8. Nc3 c6 9. h3 d5 10. cxd5 Nxd5 11. Nf3 Be6 12. Bd3 Na6 13. a3 Nac7 14. O-O
Bf6 $11 15. Rfe1 Rfe8 16. Re2 Rad8 17. Rae1 h6 18. Bb1 Nxc3 19. bxc3 Bc4 20.
Rxe8+ Rxe8 21. Rxe8+ Nxe8 22. Ne5 Be6 23. f4 Nd6 24. g4 Nc4 25. Bc1 Nxe5 26.
dxe5 Bd8 27. Be3 Be7 28. Bc1 Bc5+ 29. Kg2 Kf8 30. Kf3 Bd5+ 31. Be4 Ke7 32. f5
Kd7 33. h4 Bxe4+ 34. Kxe4 Bf2 35. Be3 Bxh4 36. Bxa7 Be7 37. a4 g6 38. Be3 g5
39. Bb6 f6 40. c4 Ke8 41. Bd4 fxe5 42. Bxe5 Kf7 43. Bc7 Bf6 44. Be5 Bd8 45. c5
Be7 46. Kd4 Bd8 47. Kc4 Be7 48. Bc7 Ke8 49. Kb4 Bf6 50. Ka5 Bd8 51. Kb6 h5 52.
gxh5 Bxc7+ 53. Kxc7 g4 54. h6 Kf7 55. Kxb7 g3 56. a5 g2 57. a6 g1=Q 58. a7 Qb1+
59. Kc7 Qa2 60. Kb7 Qb3+ 61. Kxc6 Qa4+ 62. Kb7 Qb5+ 63. Kc7 Qa6 64. Kb8  1/2-1/2

[Event "14th IBCA World Chess Championship for Blind 2019"]
[Site "Cagliari"]
[Date "2019.04.10"]
[Round "5"]
[Board "35"]
[White "Tishuki, Daut"]
[Black "Armstrong, William G"]
[Result "0-1"]
[WhiteElo "1547"]
[BlackElo "1800"]
[PlyCount "66"]
[EventDate "2019.04.06"]
[EventRounds "9"]
[EventCountry "ITA"]

1. d4 Nf6 2. c4 g6 3. Nc3 Bg7 4. Nf3 O-O 5. e4 d6 6. Be2 Nbd7 7. O-O e5 8. d5
Nc5 9. Qc2 a5 10. Rb1 Nfxe4 11. Nxe4 Nxe4 12. Be3 Nf6 13. Rbd1 Bf5 14. Qc1 Ng4
15. Bg5 f6 16. Bh4 h5 17. Bg3 Bd7 18. h3 Nh6 19. Nh4 Be8 20. f4 Nf5 21. Nxf5
gxf5 22. Bh4 e4 23. a3 Bg6 24. Rd2 Qd7 25. Qd1 Qf7 26. b4 axb4 27. axb4 Ra3 28.
c5 Rfa8 29. Rc2 Kh7 30. b5 Bf8 31. c6 b6 32. Qd4 R8a4 33. Bxf6 Rxd4  0-1

[Event "14th IBCA World Chess Championship for Blind 2019"]
[Site "Cagliari"]
[Date "2019.04.10"]
[Round "5"]
[Board "36"]
[White "Johansson, Tage"]
[Black "Atterberg, David"]
[Result "1-0"]
[WhiteElo "1749"]
[BlackElo "1109"]
[PlyCount "61"]
[EventDate "2019.04.06"]
[EventRounds "9"]
[EventCountry "ITA"]

1. e4 c5 2. Be2 e6 3. d3 b6 4. f4 Bb7 5. Nf3 a6 6. O-O d6 7. c3 Nd7 8. Na3 Qc7
9. Nc2 Ngf6 10. Qe1 Be7 11. Ne3 O-O 12. Bd2 Rac8 13. a4 Rfe8 14. Nh4 b5 15. h3
Qb8 16. g4 h6 17. g5 Nh7 18. gxh6 gxh6 19. Ng4 Bf8 20. Qg3 Kh8 21. f5 Ng5 22.
Bxg5 hxg5 23. fxe6 fxe6 24. Rf7 Kg8 25. Rxd7 Be7 26. Nh6+ Kh7 27. Qxg5 Rg8 28.
Rxe7+ Kh8 29. Ng6+ Rxg6 30. Qxg6 Bxe4 31. Nf7#  1-0

[Event "14th IBCA World Chess Championship for Blind 2019"]
[Site "Cagliari"]
[Date "2019.04.10"]
[Round "5"]
[Board "37"]
[White "Zenini, Simone"]
[Black "Hengles, Roberto Carlos"]
[Result "1/2-1/2"]
[WhiteElo "1435"]
[BlackElo "1740"]
[PlyCount "78"]
[EventDate "2019.04.06"]
[EventRounds "9"]
[EventCountry "ITA"]

1. d4 Nf6 2. e3 d5 3. c3 e6 4. f4 c5 5. Nf3 Nc6 6. Be2 Be7 7. O-O a6 8. a4 Rb8
9. Bd2 c4 10. Be1 b5 11. Qc2 b4 12. cxb4 Nxb4 13. Bxb4 Rxb4 14. Nc3 Qb6 15. Ra2
O-O 16. Rb1 Rd8 17. Ne5 Rd6 18. g4 Qb8 19. h4 Nd7 20. Nxd7 Bxd7 21. g5 Rdb6 22.
h5 Rb7 23. g6 fxg6 24. hxg6 h6 25. Bg4 Rb3 26. Nd1 Bd8 27. Qf2 c3 28. f5 cxb2
29. fxe6 Bc6 30. Raxb2 Bf6 31. Rxb3 Rxb3 32. Rb2 Bxa4 33. e7 Rxb2 34. Nxb2 Bc6
35. Kg2 Qe8 36. Be6+ Kh8 37. Qf5 Bxe7 38. Nd3 Bf6 39. Nc5 Bh4  1/2-1/2

[Event "14th IBCA World Chess Championship for Blind 2019"]
[Site "Cagliari"]
[Date "2019.04.10"]
[Round "5"]
[Board "41"]
[White "Cizman, Gregor"]
[Black "Selcuk, Umit"]
[Result "1-0"]
[WhiteElo "1564"]
[BlackElo "1555"]
[PlyCount "113"]
[EventDate "2019.04.06"]
[EventRounds "9"]
[EventCountry "ITA"]

1. d4 Nf6 2. Nf3 g6 3. Nbd2 Bg7 4. c3 O-O 5. e4 d6 6. Bd3 Nbd7 7. O-O e5 8.
dxe5 Nxe5 9. Nxe5 dxe5 10. Nf3 Re8 11. Re1 Bd7 12. Bg5 h6 13. Bxf6 Qxf6 14. Qb3
b6 15. Bc4 Bg4 16. Be2 Be6 17. Bc4 Rad8 18. Rad1 Bxc4 19. Qxc4 Rxd1 20. Rxd1
Rd8 21. Rd5 c6 22. Rxd8+ Qxd8 23. Qe2 Qd6 24. g3 b5 25. b3 Bf8 26. Kg2 Kg7 27.
Nd2 Qa3 28. Nf3 f6 29. Qd2 Qd6 30. Qe3 Qc5 31. Qd3 Qd6 32. Qe3 Be7 33. Qxa7 Qc5
34. Qxc5 Bxc5 35. g4 Kf7 36. Kf1 Ke6 37. Nh4 Kf7 38. Ke2 g5 39. Nf5 Kg6 40. f3
h5 41. h3 hxg4 42. hxg4 Kf7 43. Kd3 Ke6 44. a4 Ba7 45. axb5 cxb5 46. Ne3 Bb6
47. Nd5 Bd8 48. c4 bxc4+ 49. Kxc4 Ba5 50. Kb5 Bd2 51. Kc6 Kf7 52. Kd7 Ba5 53.
b4 Bxb4 54. Nxb4 f5 55. exf5 e4 56. fxe4 Kf8 57. e5  1-0

[Event "14th IBCA World Chess Championship for Blind 2019"]
[Site "Cagliari"]
[Date "2019.04.10"]
[Round "5"]
[Board "42"]
[White "Morelli, Daniel"]
[Black "Dayan, Itay"]
[Result "0-1"]
[WhiteElo "1382"]
[BlackElo "1409"]
[PlyCount "108"]
[EventDate "2019.04.06"]
[EventRounds "9"]
[EventCountry "ITA"]

1. d4 Nf6 2. b3 g6 3. Bb2 Bg7 4. Nd2 d5 5. e3 O-O 6. Ngf3 c5 7. Ne5 cxd4 8.
Bxd4 Nc6 9. Bb2 Qc7 10. f4 Ng4 11. Nxg4 Bxb2 12. Nh6+ Kg7 13. Rb1 Ba3 14. Ng4
Nb4 15. Bd3 Bxg4 16. Qxg4 Nxc2+ 17. Bxc2 Qxc2 18. Qd1 Qc3 19. Qe2 Bc1 20. O-O
Qxd2 21. Qxd2 Bxd2 22. Rbd1 Bxe3+ 23. Kh1 Rac8 24. Rfe1 d4 25. g3 Rc2 26. a4
Rfc8 27. Rb1 Rf2 28. Rf1 Rxf1+ 29. Rxf1 Rc1 30. Kg2 Rxf1 31. Kxf1 d3 32. Ke1
Kf6 33. b4 Kf5 34. h3 Ke4 35. a5 Kd4 36. b5 Kc4 37. b6 axb6 38. axb6 Kb5 39. h4
Kxb6 40. g4 Ka5 41. f5 gxf5 42. gxf5 b5 43. h5 b4 44. Kf1 b3 45. Kg2 d2 46. Kf3
d1=Q+ 47. Kxe3 b2 48. f6 b1=Q 49. fxe7 Qbd3+ 50. Kf4 Q1f3+ 51. Kg5 Qdf5+ 52.
Kh6 Q3xh5+ 53. Kg7 Qe5+ 54. Kf8 Qh8#  0-1

[Event "14th IBCA World Chess Championship for Blind 2019"]
[Site "Cagliari"]
[Date "2019.04.11"]
[Round "6"]
[Board "1"]
[White "Nikac, Predrag"]
[Black "Smirnov, Alexey"]
[Result "1/2-1/2"]
[WhiteElo "2297"]
[BlackElo "2451"]
[PlyCount "73"]
[EventDate "2019.04.06"]
[EventRounds "9"]
[EventCountry "ITA"]

1. e4 c5 2. Nf3 d6 3. d4 cxd4 4. Nxd4 Nf6 5. Nc3 a6 6. a4 e5 7. Nb3 Be6 8. Be2
Be7 9. O-O O-O 10. f4 exf4 11. Bxf4 Nc6 12. Kh1 Rc8 13. Nd4 Nxd4 14. Qxd4 Qc7
15. e5 dxe5 16. Bxe5 Rfd8 17. Qf4 Bd6 18. Bxd6 Qxd6 19. a5 Qxf4 20. Rxf4 Rd2
21. Bd3 Nd5 22. Rd4 Nxc3 23. bxc3 g6 24. Be4 Re2 25. Bxb7 Rxc3 26. Bxa6 Ra3 27.
Rdd1 Rd2 28. Rdb1 Ba2 29. Rc1 Rxa5 30. Bc4 Rg5 31. Rxa2 Rgxg2 32. Ra7 Rxh2+ 33.
Kg1 Rdg2+ 34. Kf1 Rf2+ 35. Kg1 Rhg2+ 36. Kh1 Rh2+ 37. Kg1  1/2-1/2

[Event "14th IBCA World Chess Championship for Blind 2019"]
[Site "Cagliari"]
[Date "2019.04.11"]
[Round "6"]
[Board "2"]
[White "Tazbir, Marcin"]
[Black "Dimic, Pavle"]
[Result "1-0"]
[WhiteElo "2540"]
[BlackElo "2333"]
[PlyCount "71"]
[EventDate "2019.04.06"]
[EventRounds "9"]
[EventCountry "ITA"]

1. e4 c6 2. d4 d5 3. Nc3 dxe4 4. Nxe4 Bf5 5. Qf3 e6 6. c3 Bxe4 7. Qxe4 Nf6 8.
Qh4 Bd6 9. f4 Nbd7 10. Nf3 Nd5 11. Qxd8+ Rxd8 12. g3 f6 13. Bh3 Kf7 14. Bd2 Ne7
15. O-O Bc7 16. Rae1 Nf5 17. g4 Ne7 18. g5 Nf8 19. gxf6 gxf6 20. Rf2 Nd5 21. f5
exf5 22. Bxf5 Ng6 23. Bxg6+ hxg6 24. Ng5+ Kg8 25. Ne6 Rd7 26. c4 Ne7 27. Rxf6
Nf5 28. Rxg6+ Kf7 29. Rg2 Bxh2+ 30. Rxh2 Rxh2 31. Kxh2 Nxd4 32. Ng5+ Kg6 33.
Bf4 Kf5 34. Kg3 Rg7 35. Re5+ Kf6 36. Kg4  1-0

[Event "14th IBCA World Chess Championship for Blind 2019"]
[Site "Cagliari"]
[Date "2019.04.11"]
[Round "6"]
[Board "3"]
[White "Babarykin, Stanislav"]
[Black "Wassin, Sergej"]
[Result "1-0"]
[WhiteElo "2401"]
[BlackElo "2262"]
[PlyCount "103"]
[EventDate "2019.04.06"]
[EventRounds "9"]
[EventCountry "ITA"]

1. d4 Nf6 2. Nc3 d5 3. Bf4 c6 4. e3 g6 5. h3 Bg7 6. Nf3 O-O 7. Bd3 Nbd7 8. O-O
Ne8 9. e4 dxe4 10. Nxe4 Ndf6 11. Nxf6+ Nxf6 12. Re1 Nd5 13. Bg5 Re8 14. Qd2 Nc7
15. c3 Ne6 16. Bh6 c5 17. Bxg7 Kxg7 18. Bb5 Bd7 19. Bxd7 Qxd7 20. d5 Nc7 21. c4
f6 22. Qc3 e5 23. Nd2 Rf8 24. Ne4 b6 25. a3 Ne8 26. b4 Nd6 27. bxc5 Nxe4 28.
Rxe4 bxc5 29. Qa5 Rac8 30. Rb1 Qc7 31. Qxc7+ Rxc7 32. Kf1 Kf7 33. Ke2 Ke7 34.
Re3 Kd6 35. Rb5 f5 36. f3 Rff7 37. Reb3 e4 38. f4 Rc8 39. Ra5 Rfc7 40. Ra6+ Kd7
41. g4 g5 42. fxg5 fxg4 43. hxg4 Rg8 44. Re6 Rxg5 45. Rxe4 h5 46. gxh5 Rxh5 47.
Rg3 Kc8 48. Re8+ Kd7 49. Reg8 Kd6 50. R8g6+ Ke5 51. Re3+ Kf5 52. Rg2  1-0

[Event "14th IBCA World Chess Championship for Blind 2019"]
[Site "Cagliari"]
[Date "2019.04.11"]
[Round "6"]
[Board "4"]
[White "Mueller, Oliver"]
[Black "Tuka, Oleg"]
[Result "1/2-1/2"]
[WhiteElo "2253"]
[BlackElo "2367"]
[PlyCount "81"]
[EventDate "2019.04.06"]
[EventRounds "9"]
[EventCountry "ITA"]

1. d4 Nf6 2. c4 e6 3. Nf3 Bb4+ 4. Bd2 Qe7 5. g3 Nc6 6. Nc3 Bxc3 7. Bxc3 Ne4 8.
Rc1 O-O 9. Bg2 d6 10. d5 Nxc3 11. Rxc3 Nd8 12. O-O e5 13. Qc2 b6 14. b4 Nb7 15.
Nd2 a5 16. a3 axb4 17. axb4 Bd7 18. Rc1 Rfc8 19. Qb2 Qe8 20. Ra1 Rxa1+ 21. Qxa1
Ra8 22. Ra3 Rxa3 23. Qxa3 Qc8 24. h4 f6 25. Qa7 Nd8 26. c5 bxc5 27. bxc5 dxc5
28. Ne4 Nb7 29. Nxc5 Nxc5 30. Qxc5 Qd8 31. d6 cxd6 32. Qxd6 Qe8 33. Bd5+ Kh8
34. f3 h5 35. Kf2 Kh7 36. Be4+ Kh8 37. Qd3 Be6 38. Bg6 Bf7 39. Bf5 g6 40. Be4
Kg7 41. Qd2  1/2-1/2

[Event "14th IBCA World Chess Championship for Blind 2019"]
[Site "Cagliari"]
[Date "2019.04.11"]
[Round "6"]
[Board "5"]
[White "Dukaczewski, Piotr"]
[Black "Grigorchuk, Sergey"]
[Result "1-0"]
[WhiteElo "2225"]
[BlackElo "2236"]
[PlyCount "69"]
[EventDate "2019.04.06"]
[EventRounds "9"]
[EventCountry "ITA"]

1. d4 Nf6 2. Nf3 g6 3. c4 Bg7 4. Nc3 O-O 5. e4 d6 6. h3 Na6 7. Be3 c5 8. Bd3
cxd4 9. Nxd4 Nc5 10. Bc2 b6 11. b4 Ne6 12. Nde2 Bb7 13. Rc1 a6 14. O-O b5 15.
cxb5 axb5 16. Qd3 d5 17. e5 Ne4 18. Nxb5 Bxe5 19. Bb3 Nc7 20. Nxc7 Bxc7 21.
Rfd1 Qd6 22. Bxd5 Qh2+ 23. Kf1 Bxd5 24. Qxd5 Nf6 25. Qc4 Qh1+ 26. Ng1 Bh2 27.
f4 Nh5 28. Kf2 Bg3+ 29. Kf3 Rfd8 30. Rxd8+ Rxd8 31. Ne2 Rd1 32. Nxg3 Nxg3 33.
Qc8+ Kg7 34. Qc3+ f6 35. Kxg3  1-0

[Event "14th IBCA World Chess Championship for Blind 2019"]
[Site "Cagliari"]
[Date "2019.04.11"]
[Round "6"]
[Board "6"]
[White "Avram, Sretko"]
[Black "Magnusson, Jorgen"]
[Result "1-0"]
[WhiteElo "2120"]
[BlackElo "2301"]
[PlyCount "145"]
[EventDate "2019.04.06"]
[EventRounds "9"]
[EventCountry "ITA"]

1. Nf3 f5 2. c4 Nf6 3. b3 d6 4. d4 e6 5. Bb2 Be7 6. g3 O-O 7. Bg2 Ne4 8. O-O b6
9. Nc3 Bb7 10. Qc2 Nxc3 11. Bxc3 Be4 12. Qb2 Nd7 13. e3 Qe8 14. Nd2 Bxg2 15.
Kxg2 Qh5 16. f4 Nf6 17. Rae1 d5 18. Qc2 c6 19. Bb2 Bb4 20. Bc3 Be7 21. Bb2 Rac8
22. Qd3 Rc7 23. Rc1 Rfc8 24. Rc2 Ne4 25. Nf3 Qf7 26. Rfc1 Bf6 27. Ba3 Qd7 28.
Bb4 h6 29. h4 g5 30. hxg5 hxg5 31. Rh1 Qg7 32. fxg5 Bxg5 33. Be1 Be7 34. Kg1
Bf6 35. Qf1 Qg4 36. Rch2 Rf8 37. Nh4 Rg7 38. Ng2 Nxg3 39. Bxg3 Qxg3 40. Qf2
Qxf2+ 41. Kxf2 e5 42. dxe5 Bxe5 43. Rh8+ Kf7 44. Rxf8+ Kxf8 45. cxd5 cxd5 46.
Rh5 Ke7 47. Rxf5 Ke6 48. Rf8 Rc7 49. Re8+ Kf6 50. Ne1 Bd6 51. Rd8 Ke7 52. Rh8
Bc5 53. Rh7+ Kd6 54. Rxc7 Kxc7 55. Ke2 Kc6 56. Kd3 b5 57. Nc2 a5 58. a3 a4 59.
b4 Be7 60. Nd4+ Kb6 61. Ke2 Bf6 62. Kf3 Be5 63. Kg4 Bg7 64. Kf5 Bh6 65. Nc2 Kc6
66. Ke6 Bg5 67. Ke5 Bh6 68. Nd4+ Kb6 69. Nf5 Bg5 70. Kxd5 Bf6 71. Nd4 Bg5 72.
e4 Bc1 73. Nc2  1-0

[Event "14th IBCA World Chess Championship for Blind 2019"]
[Site "Cagliari"]
[Date "2019.04.11"]
[Round "6"]
[Board "7"]
[White "Pribeanu, Mihail-Dacian"]
[Black "Kolpakov, Vladyslav"]
[Result "0-1"]
[WhiteElo "2198"]
[BlackElo "2150"]
[PlyCount "62"]
[EventDate "2019.04.06"]
[EventRounds "9"]
[EventCountry "ITA"]

1. e4 c5 2. d3 Nc6 3. g3 g6 4. Bg2 Bg7 5. f4 d6 6. Nf3 e5 7. O-O Nge7 8. c3 O-O
9. Na3 d5 10. Qe2 d4 11. cxd4 exd4 12. e5 Be6 13. Ng5 Bd5 14. Ne4 b6 15. f5
Nxf5 16. Rxf5 gxf5 17. Bg5 fxe4 18. Bxd8 exd3 19. Qxd3 Nxe5 20. Qf5 Raxd8 21.
b3 Be6 22. Qg5 Ng4 23. h3 Ne3 24. Be4 d3 25. Nb5 d2 26. Qxe3 Bxa1 27. Bc2 d1=Q+
28. Bxd1 Rxd1+ 29. Kf2 Rfd8 30. Qg5+ Bg7 31. Nc7 Bxh3  0-1

[Event "14th IBCA World Chess Championship for Blind 2019"]
[Site "Cagliari"]
[Date "2019.04.11"]
[Round "6"]
[Board "8"]
[White "Janjic, Stefan"]
[Black "Adiyaman, Rene"]
[Result "1-0"]
[WhiteElo "2090"]
[BlackElo "2195"]
[PlyCount "193"]
[EventDate "2019.04.06"]
[EventRounds "9"]
[EventCountry "ITA"]

1. d4 Nf6 2. Nf3 g6 3. Bg5 Bg7 4. Nbd2 O-O 5. e4 d6 6. c3 Qe8 7. Bd3 e5 8. O-O
Nh5 9. Re1 h6 10. Be3 Qe7 11. Nb3 b6 12. a4 a5 13. Qc2 Be6 14. Bc1 Nd7 15. Nbd2
Nf4 16. Bc4 g5 17. dxe5 dxe5 18. Bxe6 Qxe6 19. Nf1 Nc5 20. Be3 Nfd3 21. Red1
Rfd8 22. Ne1 Qb3 23. Bxc5 Nxc5 24. f3 Bf8 25. Nd2 Qxc2 26. Nxc2 Nd3 27. Nc4 f6
28. Kf1 Nc5 29. Rxd8 Rxd8 30. Ke2 Nb3 31. Re1 c6 32. Rd1 Rb8 33. N2e3 Nc5 34.
Rc1 Rb7 35. Nf5 Kh7 36. Nfe3 Be7 37. Nf5 Bf8 38. Nfe3 Kg6 39. Nf5 h5 40. g3 Rb8
41. h3 Kf7 42. Ke3 Ke6 43. h4 Nb3 44. Rh1 Rd8 45. hxg5 fxg5 46. Rxh5 b5 47.
axb5 cxb5 48. Na3 Rd2 49. f4 gxf4+ 50. gxf4 Rxb2 51. Nxb5 Bc5+ 52. Kd3 exf4 53.
Nfd4+ Nxd4 54. Nxd4+ Kd6 55. Rd5+ Kc7 56. Rxc5+ Kb6 57. Rc6+ Kb7 58. Rf6 Rf2
59. Kc4 Rb2 60. Rxf4 a4 61. Rf1 a3 62. Ra1 a2 63. Kd3 Kb6 64. Nc2 Kc5 65. Nb4
Rh2 66. Rxa2 Rh3+ 67. Kc2 Kc4 68. Nd5 Rh2+ 69. Kb1 Rh1+ 70. Kb2 Rh2+ 71. Ka3
Rh7 72. Rd2 Ra7+ 73. Kb2 Rb7+ 74. Kc2 Kc5 75. Rd4 Kd6 76. Kd3 Ke5 77. Ne3 Kf4
78. Rd5 Re7 79. Rf5+ Kg3 80. Kd4 Rd7+ 81. Nd5 Kg4 82. Rf8 Rd6 83. e5 Re6 84.
Ne3+ Kg5 85. Kd5 Re7 86. e6 Ra7 87. c4 Ra3 88. e7 Rxe3 89. e8=Q Rxe8 90. Rxe8
Kg4 91. c5 Kh4 92. c6 Kg4 93. c7 Kf4 94. c8=Q Kg5 95. Qe6 Kh5 96. Qf7+ Kg4 97.
Rg8+  1-0

[Event "14th IBCA World Chess Championship for Blind 2019"]
[Site "Cagliari"]
[Date "2019.04.11"]
[Round "6"]
[Board "9"]
[White "Kishan, Gangolli"]
[Black "Zsiltzova-Lisenko, Lubov"]
[Result "1/2-1/2"]
[WhiteElo "1950"]
[BlackElo "2191"]
[PlyCount "73"]
[EventDate "2019.04.06"]
[EventRounds "9"]
[EventCountry "ITA"]

1. d4 d5 2. c4 dxc4 3. Nf3 Nf6 4. e3 Bg4 5. Bxc4 e6 6. h3 Bh5 7. O-O a6 8. Be2
Nc6 9. Nbd2 Be7 10. b3 O-O 11. Bb2 Nd5 12. Rc1 Bg6 13. a3 Bd6 14. b4 a5 15. b5
Nb8 16. Nc4 Nd7 17. Nfe5 Nxe5 18. Nxe5 Be4 19. Bf3 Bxf3 20. Qxf3 Bxe5 21. dxe5
Qe7 22. Rfd1 Rfd8 23. Rd4 Rd7 24. Qd1 Rad8 25. Qd2 Qg5 26. Rg4 Qe7 27. Qxa5 h5
28. Rd4 Nb6 29. Rcd1 Nc4 30. Qc3 Rxd4 31. Rxd4 Rxd4 32. exd4 Nb6 33. Qf3 Nc4
34. Qc3 Nb6 35. Qf3 Nc4 36. Qc3 Nb6 37. Qf3 $11  1/2-1/2

[Event "14th IBCA World Chess Championship for Blind 2019"]
[Site "Cagliari"]
[Date "2019.04.11"]
[Round "6"]
[Board "10"]
[White "Wolanski, Michal"]
[Black "Nizam, Rasim"]
[Result "1-0"]
[WhiteElo "1935"]
[BlackElo "2166"]
[PlyCount "48"]
[EventDate "2019.04.06"]
[EventRounds "9"]
[EventCountry "ITA"]

1. c4 e6 2. Nc3 d5 3. e3 Nf6 4. Nf3 c6 5. b3 Bd6 6. Bb2 Nbd7 7. Be2 O-O 8. Qc2
Re8 9. Rg1 dxc4 10. bxc4 e5 11. g4 Nc5 12. d4 exd4 13. Nxd4 Nfe4 14. Nxe4 Nxe4
15. Bd3 Bb4+ 16. Ke2 Qe7 17. Nf5 Bxf5 18. gxf5 g6 19. fxg6 hxg6 20. Rg4 Nf6 21.
Rh4 Rad8 22. Rg1 Rd6 23. Bxg6 Rd2+ 24. Qxd2 fxg6  1-0

[Event "14th IBCA World Chess Championship for Blind 2019"]
[Site "Cagliari"]
[Date "2019.04.11"]
[Round "6"]
[Board "11"]
[White "Komissarov, Alexey"]
[Black "Aryan, B Joshi"]
[Result "1/2-1/2"]
[WhiteElo "2207"]
[BlackElo "1864"]
[PlyCount "39"]
[EventDate "2019.04.06"]
[EventRounds "9"]
[EventCountry "ITA"]

1. d4 Nf6 2. Bf4 d5 3. e3 g6 4. Nf3 Bg7 5. Nbd2 Bg4 6. Be2 Nbd7 7. O-O O-O 8.
h3 Bxf3 9. Bxf3 c6 10. c3 Re8 11. Qb3 Qb6 12. Rad1 e5 13. Bg3 Bf8 14. Rfe1 Bg7
15. Be2 exd4 16. cxd4 Ne4 17. Qxb6 axb6 18. Nxe4 Rxe4 19. a3 Bf8 20. Bf3
 1/2-1/2